Southville International School and Colleges
Your cart is empty.
  • Cart
  • Lists
    Public lists list_1 View all
    Your lists Log in to create your own lists
  • Log in to your account
  • Your cookies
  • Search history
Southville International School and Colleges
  • Advanced search
  • Recent comments
  • Most popular
  • Libraries

Log in to your account

Log in with GOOGLE


If you do not have an external account, but do have a local account, you can still log in:

  1. Home
  2. MARC view: Great service management /
Normal view MARC view ISBD view

Great service management / (Record no. 48506)

[ view plain ]
MARC details
000 -LEADER
fixed length control field 00603nam a2200205Ia 4500
008 - FIXED-LENGTH DATA ELEMENTS--GENERAL INFORMATION
fixed length control field 140321s9999 xx 000 0 und d
020 ## - INTERNATIONAL STANDARD BOOK NUMBER
International Standard Book Number 9788126149704
050 ## - LIBRARY OF CONGRESS CALL NUMBER
Classification number TX 911.3.M27
Item number .R137 2013
100 ## - MAIN ENTRY--PERSONAL NAME
Personal name Rajpal, Nandini
245 ## - TITLE STATEMENT
Title Great service management /
Statement of responsibility, etc Nandini Rajpal.
250 ## - EDITION STATEMENT
Edition statement 1st ed.
260 ## - PUBLICATION, DISTRIBUTION, ETC. (IMPRINT)
Place of publication, distribution, etc New Delhi :
Name of publisher, distributor, etc Anmol Publications Pvt. Ltd.,
Date of publication, distribution, etc c2013.
300 ## - PHYSICAL DESCRIPTION
Extent 248 p. :
Dimensions 22 cm.
500 ## - GENERAL NOTE
General note Includes bibliographical references and index.
521 ## - TARGET AUDIENCE NOTE
Target audience note
650 ## - SUBJECT ADDED ENTRY--TOPICAL TERM
Topical term or geographic name as entry element Hotel management.
650 ## - SUBJECT ADDED ENTRY--TOPICAL TERM
Topical term or geographic name as entry element Hotels
General subdivision Customer services.
942 ## - ADDED ENTRY ELEMENTS (KOHA)
Call number prefix Foreign
Koha item type Books
Holdings
Withdrawn status Lost status Damaged status Home library Current library Shelving location Date acquired Total Checkouts Full call number Barcode Date last seen Price effective from Koha item type
      College Library College Library Reserve Section 03/21/2014   TX 911.3.M27 .R137 2013 C17789 05/15/2018 03/21/2014 Books

Great service management /

APA

Rajpal N., . (2013). Great service management. New Delhi: Anmol Publications Pvt. Ltd.

Chicago

Rajpal Nandini, . 2013. Great service management. New Delhi: Anmol Publications Pvt. Ltd.

Harvard

Rajpal N., . (2013). Great service management. New Delhi: Anmol Publications Pvt. Ltd.

MLA

Rajpal Nandini, . Great service management. New Delhi: Anmol Publications Pvt. Ltd. 2013.

  • Place hold
  • Print
  • Cite
  • Add to your cart (remove)
  • Save record
    BIBTEX Dublin Core MARCXML MARC (non-Unicode/MARC-8) MARC (Unicode/UTF-8) MARC (Unicode/UTF-8, Standard) MODS (XML) RIS
  • More searches
    Search for this title in:
    Other Libraries (WorldCat) Other Databases (Google Scholar) Online Stores (Bookfinder.com) Open Library (openlibrary.org)

Exporting to Dublin Core...

SOUTHVILLE LIBRARY

Southville International School and Colleges Library

1281 Tropical Ave. Cor. Luxembourg St., BF Homes International, Las Pinas City

Tel. No. 8256374 / 252358 Loc. 117/146

Powered by Koha